| 000 | 00518nam a22001817a 4500 | ||
|---|---|---|---|
| 999 |
_c40891 _d40891 |
||
| 003 | OSt | ||
| 005 | 20200804114226.0 | ||
| 008 | 200804b ||||| |||| 00| 0 eng d | ||
| 020 | _a8187328991 | ||
| 040 | _coclc | ||
| 082 |
_a511.6 _bRAO/D |
||
| 100 | _aRao, G S S Bhishma | ||
| 245 |
_aDiscrete Structures and Graph Theory / _cG S S Bhishma Rao |
||
| 250 | _a2nd Ed. | ||
| 260 |
_aChennai: _bScitech Publications, _c2002. |
||
| 300 | _a368p | ||
| 942 |
_cBK _2ddc _h511.6 _iRAO/D _k511.6 _mRAO/D |
||